Statistics for NBA players most 3 pointers in a game

Click here to take the quiz!

General Stats

  • This quiz has been taken 126 times
  • The average score is 5 of 22

Answer Stats

3 Pointers MadeYearAnswerOpponent% Correct
14 3 Pointers2018-19Klay ThompsonW Against Bulls
97%
13 3 Pointers2016-17Stephen CurryW Against Pelicans
62%
12 3 Pointers2015-16Stephen CurryW Against Thunder
57%
11 3 Pointers2016-17Stephen CurryW Against Hornets
30%
13 3 Pointers2019-20Zach LavineW Against Hornets
30%
11 3 Pointers2015-16Stephen CurryW Against Wizards
29%
11 3 Pointers2018-19Stephen CurryW Against Wizards
28%
11 3 Pointers2018-19Stephen CurryW Against Mavericks
28%
11 3 Pointers2018-19Stephen CurryL Against TWolves
27%
11 3 Pointers2012-13Stephen CurryL Against Knicks
25%
12 3 Pointers2002-03Kobe BryantW Against SuperSonics
21%
11 3 Pointers2019-20Damian LillardW Against Nuggets
19%
11 3 Pointers2015-16Klay ThompsonW Against Thunder
19%
11 3 Pointers2019-20Damian LillardW Against Warriors
18%
11 3 Pointers2014-15Klay ThompsonW Against Kings
17%
11 3 Pointers2019-20Buddy HieldL Against Celtics
9%
12 3 Pointers2004-05Donyell MarshallW Against 76ers
8%
11 3 Pointers2014-15Kyrie IrvingW Against Trail Blazers
8%
11 3 Pointers2019-20Marcus SmartL Against Suns
5%
11 3 Pointers1995-96Dennis ScottW Against Hawks
3%
11 3 Pointers2012-13Deron WilliamsW Against Wizards
3%
11 3 Pointers2008-09J.R. SmithW Against Kings
3%

Score Distribution

Percentile by Number Answered

Percent of People with Each Score

Your Score History

You have not taken this quiz